000 00936cad a22002415a 4500
001 E148670
008 091016s2009 xxkad f s 000 0 eng d
035 _a(Sirsi) u148670
041 0 _aeng
050 0 4 _a333.33 $2 18
110 2 _aInvestment Property Databank
_92288
245 0 0 _aIPD UK monthly property index
_bend September 2009
_h[electronic resource]
260 _aLondon
_bIPD
_c2009
490 0 _aIPD UK Monthly Property Index
_vSeptember 2009
520 _aReports that all property total returns stand at 1.8%, and capital growth rose by 1.1%.
521 _aAdvanced
590 _aKA NTK
650 2 4 _aIPD UK MONTHLY PROPERTY INDEX
651 4 _aUnited Kingdom
_y
690 _aPROPERTY-COMMERCIAL PROPERTY-COMMERCIAL PROPERTY MARKET
856 4 0 _uhttps://www.ipd.com/OurProducts/Indices/UnitedKingdom/UKMonthly/tabid/921/Default.aspx
_zView this report free of charge under indices at www.ipd.com...
942 _n0
999 _c110156
_d110156